Structure and Change in European Industry (Record no. 3973)

MARC details
000 -LEADER
fixed length control field 00414nam a22001697i 4500
001 - CONTROL NUMBER
control field 4041
003 - CONTROL NUMBER IDENTIFIER
control field OSt
005 - DATE AND TIME OF LATEST TRANSACTION
control field 20170126082326.0
007 - PHYSICAL DESCRIPTION FIXED FIELD--GENERAL INFORMATION
fixed length control field tu
008 - FIXED-LENGTH DATA ELEMENTS--GENERAL INFORMATION
fixed length control field 161220s1977 xxu||||| |||| 00| 0 d
024 7# - OTHER STANDARD IDENTIFIER
Standard number or code 4040
Source of number or code RID
040 ## - CATALOGING SOURCE
Transcribing agency OSt
110 2# - MAIN ENTRY--CORPORATE NAME
Corporate name or jurisdiction name as entry element Economic Commission for Europe (ECE)
Relator term Ed.
245 00 - TITLE STATEMENT
Title Structure and Change in European Industry
Remainder of title 2 Exemplare
260 ## - PUBLICATION, DISTRIBUTION, ETC.
Place of publication, distribution, etc. New York,
Date of publication, distribution, etc. 1977.
300 ## - PHYSICAL DESCRIPTION
Extent 288 S. ;
Dimensions 21cm.
942 ## - ADDED ENTRY ELEMENTS (KOHA)
Koha item type Book

No items available.

The Vienna Instiute for International Economic Studies (wiiw)